Developing tourism in your community.

Bibliographic Details
Corporate Authors: Texas. Tourism Division, Texas Agricultural Extension Service
Format: Government Document Serial
Language:English
Published: [College Station, Tex.] : [Texas Agricultural Extension Service], [1993-]
Subjects:

MARC

Tag First Indicator Second Indicator Subfields
LEADER 00000cas a2200000 a 4500
001 in00001406715
005 20151020072857.0
008 970310c19939999txugr s0 0eng d
035 |a (OCoLC)36518291 
035 |9 AHQ3670AM 
040 |a IGA  |c IGA  |d TXA  |d UtOrBLW 
043 |a n-us-tx 
049 |a TXAO 
086 |a C2300.5 D492  |2 tdoc 
245 0 0 |a Developing tourism in your community. 
264 1 |a [College Station, Tex.] :  |b [Texas Agricultural Extension Service],  |c [1993-] 
300 |a volumes :  |b illustrations ;  |c 28 cm. 
310 |a Biennial 
336 |a text  |b txt  |2 rdacontent 
337 |a unmediated  |b n  |2 rdamedia 
338 |a volume  |b nc  |2 rdacarrier 
550 |a Developed by the Tourism Division, Texas Dept. of Commerce in cooperation with Texas Agricultural Extension Service, Dept. of Recreation, Park & Tourism Sciences, Texas A&M University. 
500 |a Description based on: June 1995; title from cover. 
650 0 |a Tourism  |z Texas. 
650 0 |a Tourism and city planning  |z Texas. 
650 0 |a Tourism  |x Government policy  |z Texas. 
650 0 |a Community development  |z Texas. 
710 1 |a Texas.  |b Tourism Division. 
710 2 |a Texas Agricultural Extension Service. 
999 |a MARS 
999 f f |s e96bb660-9850-3e1f-a033-8dbc49880885  |i 2071a3d3-a71f-39d4-857b-dc607e745968  |t 0 
952 f f |p normal  |a Texas A&M University  |b College Station  |c Sterling C. Evans Library  |d Evans: Texas Documents (Annex 5th floor)  |t 0  |e C2300.5 D492  |h Superintendent of Documents classification  |i unmediated -- volume  |l 1997  |m A14821807375 
998 f f |a C2300.5 D492  |s 1993-1999  |t 0  |l Evans: Texas Documents (Annex 5th floor)